Welcome to CU Library Online Public Access Catalogue (OPAC)

The IVP Bible background commentary : (Record no. 7186)

MARC details
000 -LEADER
fixed length control field 00533cam a2200181 i 4500
001 - CONTROL NUMBER
control field 17974080
005 - DATE AND TIME OF LATEST TRANSACTION
control field 20250726100707.0
008 - FIXED-LENGTH DATA ELEMENTS--GENERAL INFORMATION
fixed length control field 131217s2014 ilu b 000 0 eng
020 ## - INTERNATIONAL STANDARD BOOK NUMBER
International Standard Book Number 9780830824786
Qualifying information hardcover : alk. paper
050 00 - LIBRARY OF CONGRESS CALL NUMBER
Classification number BS2341.52
Item number .K44 2014
082 00 - DEWEY DECIMAL CLASSIFICATION NUMBER
Classification number 225.7
Edition information 23
100 1# - MAIN ENTRY--PERSONAL NAME
Personal name Keener, Craig S.,
Dates associated with a name 1960-
245 14 - TITLE STATEMENT
Title The IVP Bible background commentary :
Remainder of title New Testament /
Statement of responsibility, etc. Craig S. Keener.
250 ## - EDITION STATEMENT
Edition statement Second Edition.
300 ## - PHYSICAL DESCRIPTION
Extent 816 pages ;
Dimensions 24 cm
710 2# - ADDED ENTRY--CORPORATE NAME
Corporate name or jurisdiction name as entry element InterVarsity Press.
942 ## - ADDED ENTRY ELEMENTS (KOHA)
Source of classification or shelving scheme Library of Congress Classification
Koha item type Books
Suppress in OPAC No
999 ## -
-- 7186
-- 7186
Holdings
Withdrawn status Lost status Source of classification or shelving scheme Damaged status Not for loan Collection Home library Current library Shelving location Date acquired Total checkouts Full call number Barcode Date last seen Copy number Price effective from Koha item type
    Library of Congress Classification     Reference Undergraduate Library (Christ Temple) Undergraduate Library (Christ Temple) General stacks 07/26/2025   REF BS2341.2 KEE ulct00004187 07/26/2025 1 07/26/2025 Books
© 2023-2024 Copyright: Central University Libraries. All Rights Reserved | Created by: Mahone Tech Office